Potteries splendor of the ottomane period
Main Author:
Format: Book
Language: Undetermined
Published:
cairo
Majlis al-Wuzarāʼ, Markaz al-Maʻlūmāt wa-Daʻm Ittikhādh al-Qarār
2003
Tags: Add Tag
Call Number: (L) NK4340 .I9 .C23
| LEADER | 00669nam a2200145Ia 4500 | ||
|---|---|---|---|
| 008 | 221124s9999||||xx |||||||||||||| ||und|| | ||
| 020 | |a 9775802369 | ||
| 050 | 4 | |a (L) NK4340 .I9 .C23 | |
| 100 | 1 | |a Markaz al-Maʻlūmāt wa-Daʻm Ittikhādh al-Qarār ; Wizārat al-Thaqāfah, Qiṭāʻ al-Funūn al-Tashkīlīyah Majlis al-Wuzarāʼ | |
| 245 | 1 | 0 | |a Potteries |b splendor of the ottomane period |
| 264 | 1 | |a cairo |b Majlis al-Wuzarāʼ, Markaz al-Maʻlūmāt wa-Daʻm Ittikhādh al-Qarār |c 2003 | |
| 300 | |a 65.P |c 24*31cm | ||
| 942 | |2 lcc |c BK | ||
| 952 | |0 0 |1 0 |2 lcc |4 0 |7 1 |9 43998 |a ARCE |b ARCE |d 2022-11-24 |l 0 |o (L) NK4340 .I9 .C23 |p 1025588 |r 2022-11-24 00:00:00 |w 2022-11-24 |y BK | ||
| 999 | |c 50455 |d 50455 | ||
